<La> política agraria del gobierno de Aylwin: continuidad o cambio?

Charakter poľnohospodárskej politiky novej chilskej vlády v súvislosti s prechodom k demokracii - porovnanie so štruktúrnymi zmenami v poľnohospodárstve v období Pinochetovej vlády. Rozdelenie pôdy podľa veľkosti pozemkov v r. 1965-1986. Revitalizácia roľníckeho hospodárenia.

Gespeichert in:
Bibliographische Detailangaben
1. Verfasser: Kay, C.
Format: Buchkapitel
Sprache:Spanisch
Schlagworte:
Tags: Tag hinzufügen
Keine Tags, Fügen Sie das erste Tag hinzu!

MARC

LEADER 00000naa a2200000 4500
001 r006587
005 20221130102744.4
041 0 |a spa 
044 |a MX 
245 1 0 |a <La> política agraria del gobierno de Aylwin: continuidad o cambio?  |c C. Kay 
520 |a Charakter poľnohospodárskej politiky novej chilskej vlády v súvislosti s prechodom k demokracii - porovnanie so štruktúrnymi zmenami v poľnohospodárstve v období Pinochetovej vlády. Rozdelenie pôdy podľa veľkosti pozemkov v r. 1965-1986. Revitalizácia roľníckeho hospodárenia. 
610 2 0 |a politika poľnohospodárska 
610 2 0 |a Čile 
610 2 0 |a zmeny štruktúrne 
610 2 0 |a hospodárstvo roľnícke samostatné 
610 2 0 |a pôda 
610 2 0 |a reformy pozemkové 
610 2 0 |a 1965-1986 
100 1 |a Kay, C.